Esposición del Sub-Secretario del Ministerio de Marina

Saved in:
Bibliografiske detaljer
Hovedforfatter: Arteaga Ureta, Claudio (Author)
Format: Bog
Sprog:spansk
Udgivet: Santiago Imprenta, Litografía i Encuadernación Barcelona 1898
Udgivelse:1a. ed
Fag:
Tags: Tilføj Tag
Ingen Tags, Vær først til at tagge denne postø!

MARC

LEADER 00000nam a2200000 a 4500
001 UCJ7590
003 CL-VaPUC
008 070124e18980000CL |||||||||||||||||spa|d
082 0 4 |a 983  |b ART  |2 21 
100 |a Arteaga Ureta, Claudio  |e author  |9 516079 
245 1 0 |a Esposición del Sub-Secretario del Ministerio de Marina 
246 1 0 |a Exposición del Sub-Secretario del Ministerio de Marina 
250 |a 1a. ed 
300 |a 103 p 
942 |c BK 
945 |d 20070124 00:00:00  |a rinostro 
260 |a Santiago  |b Imprenta, Litografía i Encuadernación Barcelona  |c 1898 
600 0 |a Armada de Chile  |9 340497 
650 0 |a Administración pública   |9 255343 
650 7 |a LOGISTICA  |2 CL-VaPUC  |9 485423 
650 7 |a DOCUMENTOS  |2 CL-VaPUC  |9 366450 
650 0 |a Historia de Chile  |9 265473 
583 |a last modification  |c 20070124 00:00:00  |k Rodrigo Vera 
999 |c 323637  |d 323635 
952 |0 0  |1 0  |4 0  |6 983_000000000000000_ART_1898  |7 0  |8 X  |9 403401  |a FDOBUD  |b FDOBUD  |d 2019-11-22  |i 106648K  |o 983 ART 1898  |p 106648K  |r 2019-11-22  |w 2019-11-22  |y BK_X  |k BUD